| 000 | 00711nam a22002177a 4500 | ||
|---|---|---|---|
| 001 | 8368 | ||
| 003 | FISKH | ||
| 005 | 20250910095202.0 | ||
| 008 | 250910b cb ||||| |||| 00| 0 eng d | ||
| 020 | _a9781618933614 | ||
| 040 |
_aFISKH _beng _cFISKH _dFISKH |
||
| 082 | _a031.02 | ||
| 100 | _aAnonymous | ||
| 245 |
_aAll about space : _bTime for kids book of how / |
||
| 260 |
_aNew York : _bTime, _c2014. |
||
| 300 |
_a48 pages : _bcolor illustrations ; _c21 cm |
||
| 520 | _aProvides answers to a collection of commonly asked questions, focusing on the areas of outer space, building projects, and transportation. | ||
| 650 |
_aCreative _vNon-Fiction _xScience |
||
| 942 |
_2ddc _cBK _n0 |
||
| 999 |
_c8368 _d8368 |
||